000 00704cab a2200193 4500
001 L135785
008 061211n2006 000 0 eng u
035 _a(Sirsi) u135785
041 0 _aeng
100 1 _aBlyth, Alistair
245 0 0 _aLearning outcomes
260 _c2006
490 0 _aPremises and Facilities Management
_vOctober 2006, 19-20(2)
520 _aProvides a post evaluation occupancy strategy for facilities management. Discusses the need for the planning of a post occupancy evaluation at the beginning of a project, and for identifying the benchmarks that should be used.
590 _aKA
651 4 _aUnited Kingdom
_y
690 _aMANAGEMENT-FACILITIES MANAGEMENT
942 _n0
999 _c77990
_d77990